|
|
|
|
| LEADER |
00000nab a2200000ua 4500 |
| 001 |
vtls010781856 |
| 003 |
SK-MaSNL |
| 005 |
20260304205742.0 |
| 008 |
230222s2008 xo |||||||||||||||||eng| |
| 035 |
|
|
|a (urnnbn)urn:nbn:sk:snk:ar-a04hc4
|
| 035 |
|
|
|a (uuid)ab7f0ada-93f0-4a4b-a48a-d92599e6bf92
|
| 035 |
|
|
|a urn:nbn:sk:snk-ab4sks
|
| 040 |
|
|
|a SNKBUCL
|b slo
|c SNKBUCL
|e AACR2
|
| 041 |
0 |
|
|a eng
|
| 044 |
|
|
|a xo
|c SK
|
| 100 |
1 |
|
|a Dědková, Jarmila,
|d 1959-
|4 aut
|9 256673
|
| 245 |
1 |
0 |
|a COMBINATION OF DETERMINISTIC AND STOCHASTIC APPROACHES TO THE IMAGE RECONSTRUCTION
|c J. Dědková
|
| 773 |
0 |
|
|t Advances in electrical and electronic engineering
|g Roč. 7, č. 1-2 (2008), s. 305-308
|
| 958 |
|
|
|a OND
|
| 958 |
|
|
|a EUIPO
|
| 958 |
|
|
|a article3
|
| 999 |
|
|
|c 3122821
|d 3124751
|